| 000 | 00471nab a2200145Ia 4500 | ||
|---|---|---|---|
| 003 | ES-SlBCS | ||
| 005 | 20210601145052.0 | ||
| 008 | 140529s1949 xxu||||| |||| 00| 0 spa d | ||
| 041 | _aspa | ||
| 100 | 1 |
_aLafuente Ferrari, Enrique _932476 |
|
| 245 | 0 | 0 |
_aLas ideas estéticas de Zuloaga _c Enrique Lafuente Ferrari |
| 600 | 1 |
_aZuloaga, Ignacio-Ideas Estéticas _9307846 |
|
| 773 | 0 |
_tRevista de Ideas Esteticas _gvol. 7, nº. 26, 1949, págs. 119-146 _wRev703 |
|
| 942 | _cAR | ||
| 999 |
_c718822 _d718822 |
||